000
00334nam a2200145Ia 4500
005
20250323174205.0
008
240331s9999 xx 000 0 und d
082
_b
POO
_a
894
100
_a
Pookkal,S.A
245
0
_a
Manachumaikal
260
_a
Kandy
_b
Thamil Manram
_c
1988
300
_a
112 p .,
650
_a
Short Stories
942
_c
L
999
_c
4138
_d
4138